Financovanie rozvoja a modernizácie dopravnej infraštruktúry prostredníctvom verejno-súkromných partnerstiev v Slovenskej republike diplomová práca

Guardado en:
Detalles Bibliográficos
Autor principal: Čerešníková, Mária
Autor Corporativo: Národohospodárska fakulta EU. Katedra financií
Otros Autores: Čiernik, Anton
Formato: Libro
Lenguaje:eslovaco
Publicado: Bratislava 2017
Etiquetas: Agregar Etiqueta
Sin Etiquetas, Sea el primero en etiquetar este registro!

MARC

LEADER 00000nbm a2200000 4500
001 0231929
005 20171127144436.3
041 0 |a slo 
044 |a SK 
245 1 0 |a Financovanie rozvoja a modernizácie dopravnej infraštruktúry prostredníctvom verejno-súkromných partnerstiev v Slovenskej republike  |b diplomová práca  |c Mária Čerešníková ; školiteľ: Anton Čiernik 
264 1 |a Bratislava  |c 2017 
300 |a 81 s. 
100 1 |a Čerešníková, Mária 
700 1 |a Čiernik, Anton 
710 2 |a Národohospodárska fakulta EU. Katedra financií